01253nam a2200229Ia 4500008004100000020001800041082002200059100004300081245007300124250001800197260005000215300001800265337001000283338001400293440006500307500019700372504004100569505020500610650003800815650005800853700011200911120622s99992004Sp a 000 0 spa d a9788420641928 a302.2 M3837p 2004 aMartín Serrano, Manuel, 1940-dautor aLa producción social de comunicaciónc / Manuel Martín Serrano a3a. edición aMadrid, Españab: Alianza Editorialc, 2004 a253 páginas atexto asin medio a(Manuales / Ciencias sociales : El libro universitario, 091) aPlan Flexible Ciencias de la Comunicación / Teoría de la Comunicación I / (B06-3) / (01 012061) Ciencias de la Comunicación / Teoría de la Comunicación II / (B07-4) / (01 012062)  aIncluye: Bibliografía página 243 aFundamentos para una teoría social de la comunicación La producción de comunicación institucional en los MCM Metodologías y diseños para investigar la producción social de comunicación14aCOMUNICACIÓNxASPECTOS SOCIALES24aMEDIOS DE COMUNICACIÓN DE MASAS xASPECTOS SOCIALES aConsejo Nacional para la Enseñanza y la Investigación de las Ciencias de la Comunicación. MéxicoÌ